000 01022na a2200277 4500
001 18865
003 MIRAKIL
005 20181213155107.0
008 161215b tu 000 0
020 _a9786056111105
040 _aMilas
_btur
_cTR-AnCHP
041 _atur
_aeng
082 _a649.5
_bH24 2010
090 _a649.5 H24 2010
245 _aHalil Posbıyık çocuklara sevgiyi barışı dostluğu anlatıyor=Halil Posbıyık talks about love peace friendship to the children
246 _aHalil Posbıyık talks about love peace friendship to the children
260 _aEreğli
_bKaradeniz Ereğli Belediyesi
_c2010
300 _a[28 s.]
_bres.
_c20 sm.
500 _aMetinler Türkçe-İngilizce karşılıklıdır.
500 _aEser Karadeniz Ereğli Belediyesi'nin 5. kültür hizmetidir.
600 _aPosbıyık, Halil
650 _aÇocuk edebiyatı
_xDenemeler
_yDostluk
650 _aÇocuk edebiyatı
_xDenemeler
_ySevgi
650 _aÇocuk edebiyatı
_xDenemeler
_yBarış
942 _2dcc
_cBKS
999 _c6428
_d6428